La cláusula penal: especial referencia a la moderación de la pena

Guardat en:
Dades bibliogràfiques
Autor principal: Espín Alba, Isabel (Autor)
Format: Llibre
Idioma:espanyol
Publicat: Madrid Marcial Pons 1997
Matèries:
Etiquetes: Afegir etiqueta
Sense etiquetes, Sigues el primer a etiquetar aquest registre!

MARC

LEADER 00000nam a2200000 a 4500
001 UCP4577
003 CL-VaPUC
008 990806e19970000SP |||||||||||||||||spa|d
082 0 4 |a 347.05  |b ESP  |2 21 
100 0 |a Espín Alba, Isabel  |e author  |9 432118 
245 1 3 |a La cláusula penal: especial referencia a la moderación de la pena 
300 |a 142 p 
942 |c BK 
945 |d 19990806 00:00:00  |a vberengu 
260 |a Madrid  |b Marcial Pons  |c 1997 
650 0 |a Código civil  |9 256135 
650 7 |a CLAUSULA PENAL  |2 CL-VaPUC  |9 414574 
650 0 |a Derecho comparado  |9 255664 
650 7 |a PENA  |2 CL-VaPUC  |9 336490 
651 0 |a España  |9 254926 
583 |a last modification  |c 19990806 00:00:00  |k Rodrigo Vera 
999 |c 282488  |d 282486 
952 |0 0  |1 0  |4 0  |6 347_050000000000000_ESP_1997  |7 0  |8 A  |9 324303  |a BIBDER  |b BIBDER  |d 2019-11-20  |i 3547132  |o 347.05 ESP 1997  |p 3547132  |r 2023-01-25  |w 2019-11-20  |y BK  |k DER